00684nam a22002177a 4500003000200000005001700002008000200019010001300021020002300034035002300057037001600080040001500096082001700111110005200128245003700180260005400217270004000271300002900311650005900340650006700399020180712163737.00 aB-220693 c875.00a8186623809 aB-220693, B-220695 bCen Lib/Ret aDPLbENc0 a581.634bCOM aDelhi.National Institute of Industrial Research aCompendium of medicinal plants / aDelhi bNational Institute of Industrial Research bDelhi e110007a106-E, Kamla Nagar  a444p. :c20cm(pbk)bill. aMedicinal plants -- India -- Handbooks, manuals, etc.  aMateria medica, Vegetable -- India -- Handbooks, manuals, etc.